| 000 | 00000nam 2200000zi 4500 |
| 001 | 9.946070 |
| 003 | CaOODSP |
| 005 | 20250107154453 |
| 006 | m o d f |
| 007 | cr cn||||||||| |
| 008 | 241212t20242024onc o f000 0 eng d |
| 020 | |a9780660748566 |
| 040 | |aCaOODSP|beng|erda|cCaOODSP |
| 043 | |an-cn-ab |
| 086 | 1 |aFo3-4/21-2024E-PDF |
| 245 | 00|aEvaluating soil carbon stock recovery on seismic lines in northern Alberta. |
| 264 | 1|a[Ottawa] : |bNatural Resources Canada = Ressources naturelles Canada, |c[2024] |
| 264 | 4|c©2024 |
| 300 | |a1 online resource (3 unnumbered pages) : |bphotographs. |
| 336 | |atext|btxt|2rdacontent |
| 337 | |acomputer|bc|2rdamedia |
| 338 | |aonline resource|bcr|2rdacarrier |
| 490 | 1 |aResearch connections: cumulative effects, |x2563-9447 ; |v21 |
| 500 | |aCaption title. |
| 500 | |a"Lead Researchers: Dani Degenhardt and Oleksandra (Sasha) Hararuk (NFC)." |
| 500 | |a"Project Type: Cumulative Effects." |
| 500 | |a"Project Status: Active (2024)." |
| 500 | |aIssued also in French under title: Évaluation du rétablissement des stocks de carbone du sol sur les profils sismiques dans le nord de l'Alberta. |
| 520 | |a"Seismic lines are clear cut areas of forest used for seismic exploration and are the result of oil and gas activities in Alberta, which has occurred since the 1920s. Currently, seismic lines are the most extensive anthropologically generated feature in Alberta’s landscape and have fragmented woodland caribou habitat in Canada’s boreal forests. The cumulative effects of these features, along with natural disturbances (e.g., wildfires, insect infestations, diseases) and anthropogenic activities (e.g., oil and gas extractions, forestry operations) compounded by climate change, is a major environmental concern for the boreal region"--Page [1]. |
| 650 | 0|aSeismology|xResearch|zAlberta, Northern. |
| 650 | 0|aSoils|xCarbon content. |
| 710 | 1 |aCanada. |bNatural Resources Canada, |eissuing body. |
| 775 | 08|tÉvaluation du rétablissement des stocks de carbone du sol sur les profils sismiques dans le nord de l'Alberta.|w(CaOODSP)9.946071 |
| 830 | #0|aResearch connections : cumulative effects,|x2563-9447 ;|v21.|w(CaOODSP)9.898855 |
| 856 | 40|qPDF|s0.97 MB|uhttps://publications.gc.ca/collections/collection_2025/rncan-nrcan/Fo3-4-21-2024-eng.pdf |